<?xml version="1.0" encoding="UTF-8"?><?xml-stylesheet type="text/xsl" href="static/style.xsl"?><OAI-PMH xmlns="http://www.openarchives.org/OAI/2.0/" xmlns:xsi="http://www.w3.org/2001/XMLSchema-instance" xsi:schemaLocation="http://www.openarchives.org/OAI/2.0/ http://www.openarchives.org/OAI/2.0/OAI-PMH.xsd"><responseDate>2026-04-17T06:35:18Z</responseDate><request verb="GetRecord" identifier="oai:www.recercat.cat:10459.1/56943" metadataPrefix="marc">https://recercat.cat/oai/request</request><GetRecord><record><header><identifier>oai:recercat.cat:10459.1/56943</identifier><datestamp>2024-12-05T21:34:32Z</datestamp><setSpec>com_2072_3622</setSpec><setSpec>col_2072_479130</setSpec></header><metadata><record xmlns="http://www.loc.gov/MARC21/slim" xmlns:dcterms="http://purl.org/dc/terms/" xmlns:xsi="http://www.w3.org/2001/XMLSchema-instance" xmlns:doc="http://www.lyncode.com/xoai" xsi:schemaLocation="http://www.loc.gov/MARC21/slim http://www.loc.gov/standards/marcxml/schema/MARC21slim.xsd">
   <leader>00925njm 22002777a 4500</leader>
   <datafield ind2=" " ind1=" " tag="042">
      <subfield code="a">dc</subfield>
   </datafield>
   <datafield ind2=" " ind1=" " tag="720">
      <subfield code="a">Martin-Rubió, Xavier</subfield>
      <subfield code="e">author</subfield>
   </datafield>
   <datafield ind2=" " ind1=" " tag="720">
      <subfield code="a">Cots Caimons, Josep Maria</subfield>
      <subfield code="e">author</subfield>
   </datafield>
   <datafield ind2=" " ind1=" " tag="260">
      <subfield code="c">2016-05-03T17:17:54Z</subfield>
   </datafield>
   <datafield ind2=" " ind1=" " tag="260">
      <subfield code="c">2025-01-01</subfield>
   </datafield>
   <datafield ind2=" " ind1=" " tag="260">
      <subfield code="c">2016-04-13</subfield>
   </datafield>
   <datafield ind2=" " ind1=" " tag="260">
      <subfield code="c">2016-05-03T17:17:56Z</subfield>
   </datafield>
   <datafield ind2=" " ind1=" " tag="520">
      <subfield code="a">Aquest estudi parteix de la premissa que la mobilitat acadèmica internacional contribueix al desenvolupament de les identitats plurilingües dels estudiants i que les universitats receptores d'aquesta mobilitat que tenen per objectiu esdevenir espais globals constitueixen un lloc de recerca interessant per explorar com els individus que conviuen en aquests espais (re)construeixen la seva identitat plurilingüe tot intentant reconciliar la seva ideologia lingüística amb limitacions concretes de tipus pràctic i institucional. L'estudi es basa en l'anàlisi, mitjançant el mètode etnometodològic conegut com Membership Categorization Analysis de la interacció resultant de, per un banda, dos grups de discussió amb un grup d'estudiants abans i després de realitzar una estada Erasmus en una universitat danesa i, per altra banda, un grup de discussió amb una docent i dues membres del personal d'administració de la universitat. L'anàlisi revela els 'mètodes' discursius que adopten els estudiants i el personal de la universitat, com a parlants plurilingües el repertori dels quals inclou una llengua poc parlada com el danès o el català, per tal de 'donar sentit' a la seva tria lingüística, la qual situa la llengua local (el danès) en una posició clarament subsidiària en la vida quotidiana de la universitat.</subfield>
   </datafield>
   <datafield ind1="8" ind2=" " tag="024">
      <subfield code="a">http://hdl.handle.net/10459.1/56943</subfield>
   </datafield>
   <datafield tag="653" ind2=" " ind1=" ">
      <subfield code="a">Estudiants universitaris</subfield>
   </datafield>
   <datafield tag="653" ind2=" " ind1=" ">
      <subfield code="a">Multilingüisme</subfield>
   </datafield>
   <datafield tag="653" ind2=" " ind1=" ">
      <subfield code="a">Llenguatge i llengües</subfield>
   </datafield>
   <datafield tag="653" ind2=" " ind1=" ">
      <subfield code="a">Immersió lingüística</subfield>
   </datafield>
   <datafield tag="653" ind2=" " ind1=" ">
      <subfield code="a">College students</subfield>
   </datafield>
   <datafield tag="653" ind2=" " ind1=" ">
      <subfield code="a">Multilingualism</subfield>
   </datafield>
   <datafield tag="653" ind2=" " ind1=" ">
      <subfield code="a">Language and languages</subfield>
   </datafield>
   <datafield tag="653" ind2=" " ind1=" ">
      <subfield code="a">Immersion method (Language teaching)</subfield>
   </datafield>
   <datafield ind2="0" ind1="0" tag="245">
      <subfield code="a">Englishisation at a global space: students and staff making sense of language choices</subfield>
   </datafield>
</record></metadata></record></GetRecord></OAI-PMH>